Statistics for Roman Tmetuchl International Airport (ROR) Destinations

Click here to take the quiz!

General Stats

  • This quiz has been taken 5 times
  • The average score is 7 of 14

Answer Stats

Airliner OperatingAnswer% Correct
Jeju AirSeoul-Incheon
100%
United AirlinesManila
75%
Air NiuginiPort Moresby
75%
China AirlinesTaipei-Taoyuan
75%
United AirlinesGuam Hagåtña
50%
Nauru AirlinesMajuro
50%
Nauru AirlinesNauru
50%
Nauru AirlinesPohnpei
50%
Alii Palau Airlines (Operated by Druk Air)Singapore
50%
Caroline Islands AirYap
50%
Air NiuginiBrisbane
25%
Nauru AirlinesTarawa
25%
Belau Air, Pacific Missionary AviationAngaur
0%
Belau Air, Pacific Missionary AviationPeleliu
0%

Score Distribution

Percentile by Number Answered

Percent of People with Each Score

Your Score History

You have not taken this quiz